Statistics for Europe Map Quiz in Chinese Pinyin

Click here to take the quiz!

General Stats

  • This quiz has been taken 41 times
  • The average score is 26 of 45

Answers on the Map

Answers color-coded by a green-red scale on the quiz's map according to % correct below.
 

Answer Stats

Answer% Correct
Fēn Lán
87%
Yì Dà Lì
87%
Ài Ěr Lán
80%
Dān Mài
80%
Nuó Wēi
80%
Ā Ěr Bā Ní Yǎ
77%
Fà Guó
77%
Kē Suǒ Wò
77%
Pú Táo Yá
77%
Dé Guó
73%
Luó Mǎ Ní Yǎ
70%
Mǎ Ěr Tā
70%
Mó Ěr Duō Wǎ
70%
Bō Lán
67%
Mó Nà Gē
67%
Sī Luò Wén Ní Yǎ
67%
Xī Bān Yá
67%
Bái È Luó Sī
63%
Bō Sī Ní Yǎ Hé
Hēi Sāi Gē Wéi Nà
(Bō Hēi)
63%
Lā Tuō Wéi Yǎ
63%
Lú Sēn Bǎo
63%
Sī Luò Fá Kè
63%
Yīng Guó
63%
Sài Ěr Wéi Yǎ
60%
Hé Lán
57%
Ān Dào Ěr
53%
Liè Zhī Dūn Shì Dēng
53%
Lì Táo Wǎn
53%
Ào Dì Lì
50%
Bǎo Jiā Lì Yǎ
50%
Shèng Mǎ Lì Nuò
50%
Wū Kè Lán
50%
Bǐ Lì Shí
47%
È Luó Sī
47%
Běi Mǎ Qí Dùn
40%
Hēi Shān
40%
Jié Kè
40%
Kè Luó Dì Yà
40%
Ài Shā Ní Yǎ
37%
Ruì Diǎn
37%
Ruì Shì
37%
Bīng Dǎo
33%
Xī Là
33%
Fàn Dì Gāng
27%
Xiōng Yá Lì
27%

Score Distribution

Percentile by Number Answered

Percent of People with Each Score

Your Score History

You have not taken this quiz